000 01280nam a22002417a 4500
999 _c57647
_d57647
003 Ge_BSU
005 20200825130219.0
008 200825s2001 ge ||||| |||| 00| 0 geo d
041 _aგეო
080 _a321(479.22)(09)+34(479.22)(09) ლ-76
100 _aლობჟანიძე, გივი
_94775
245 _aქართული სახელმწიფოსა და სამართლის ისტორია /
_c [რედ.: როინ მეტრეველი, გიორგი ნადარეიშვილი].
264 _aთბ. :
_bტექნ. უნ-ტი,
_c2001.
300 _a620 გვ. ;
_b20 სმ.
504 _aბიბლიოგრ. ტექსტის შენიშვნ.
520 _aრეზ. ქართ., რუს. და ინგლ. ენ.
653 _aქართული სახელმწიფოს ისტორია.
653 _aქართული სამართლის ისტორია
653 _aსამართალი
700 _aნადარეიშვილი, გიორგი
_eრედაქტორი
_99319
700 _aმეტრეველი, როინ
_eრედაქტორი
_99320
942 _2udc
_cBK